Edith Bruck Contrechamp Traduit de l’italien par René de Ceccatty. Seuil, 2025, 144 pages, 18 €. Les dissonances Préfacé et traduit de l’italien par René de Ceccatty (édition bilingue). Rivages, « Bibliothèque Rivages », 2025, 156 pages, 17 €. (notice n° 1918125)

détails MARC
000 -LEADER
fixed length control field 01010cam a2200157 4500500
005 - DATE AND TIME OF LATEST TRANSACTION
control field 20260329022150.0
041 ## - LANGUAGE CODE
Language code of text/sound track or separate title fre
042 ## - AUTHENTICATION CODE
Authentication code dc
100 10 - MAIN ENTRY--PERSONAL NAME
Personal name Daudin, Claire
Relator term author
245 00 - TITLE STATEMENT
Title Edith Bruck Contrechamp Traduit de l’italien par René de Ceccatty. Seuil, 2025, 144 pages, 18 €. Les dissonances Préfacé et traduit de l’italien par René de Ceccatty (édition bilingue). Rivages, « Bibliothèque Rivages », 2025, 156 pages, 17 €.
260 ## - PUBLICATION, DISTRIBUTION, ETC.
Date of publication, distribution, etc. 2025.<br/>
500 ## - GENERAL NOTE
General note 44
520 ## - SUMMARY, ETC.
Summary, etc. RésuméSi, depuis le Nouveau Roman, la modernité semble avoir privé le roman de sa vocation narrative, le Policier, tout au contraire, assume pleinement cette fonction fondamentale de la littérature. Les auteurs de Policiers paraissent, de nos jours, être les seuls à savoir encore ce que raconter une histoire veut dire.
786 0# - DATA SOURCE ENTRY
Note Études | Jui | 6 | 2025-05-21 | p. 122-123 | 0014-1941
856 41 - ELECTRONIC LOCATION AND ACCESS
Uniform Resource Identifier <a href="https://shs.cairn.info/revue-etudes-2025-6-page-122?lang=fr&redirect-ssocas=7080">https://shs.cairn.info/revue-etudes-2025-6-page-122?lang=fr&redirect-ssocas=7080</a>

Pas d'exemplaire disponible.

PLUDOC

PLUDOC est la plateforme unique et centralisée de gestion des bibliothèques physiques et numériques de Guinée administré par le CEDUST. Elle est la plus grande base de données de ressources documentaires pour les Étudiants, Enseignants chercheurs et Chercheurs de Guinée.

Adresse

627 919 101/664 919 101

25 boulevard du commerce
Kaloum, Conakry, Guinée

Réseaux sociaux

Powered by Netsen Group @ 2025